Diana - One Direction (All Lyrics) - Statistics

General Stats
  • This quiz has been taken 113 times
    111 since last reset
  • The average score is 230 of 302
Answer Stats
Lyrics % Correct
diana
100%
the
99%
me
97%
one
97%
be
96%
you
96%
a
95%
I
95%
let
95%
to
95%
your
92%
hear
88%
can
85%
so
82%
don't
81%
even
80%
fire
80%
inside
80%
know
80%
light
80%
but
78%
(oh
78%
oh)
78%
oh,
78%
oh
78%
could
77%
and
76%
all
73%
at
73%
been
72%
call
72%
heart
72%
how
72%
mine
72%
not
72%
we
72%
crying
70%
lonely,
70%
baby,
69%
baby
69%
feel
69%
never
69%
still
69%
you've
69%
different
66%
eyes
66%
i'm
66%
miss
66%
save
66%
someone
66%
language
65%
language,
65%
speak
65%
think
65%
life
64%
make
64%
realise
64%
saving
64%
this
64%
would
64%
can't
62%
for
62%
those
62%
down
61%
look
61%
they
61%
up,
61%
criminal
59%
mistreat
59%
if
58%
small
58%
you'd
58%
it's
57%
pictures
57%
need
55%
now
55%
these
55%
break
54%
ya
54%
hold
53%
only
53%
something
53%
over
51%
wanna
51%
front
49%
mislead
49%
pages
49%
put
49%
far
47%
i'd
47%
lift
47%
walls
47%
out
46%
months
45%
swear
45%
fallen
43%
four
41%
reach
38%
are
31%
ah
26%
No matching quizzes found
Score Distribution
Percent of People with Each Score
Percentile by Number Answered
Your Score History
You have not taken this quiz since the last reset